000 00517nam a2200181Ia 4500
008 140626s9999 xx 000 0 und d
100 _aWu, Li-Fen.
245 _aNursting student perceptions of spirituality ans spiritual care /
_cLi-Fen Wu ... [et al.].
260 _cc2013.
300 _a21 : 3, page 219
440 _aThe Journal of Nursing Research (JNR)
521 _aNUR
650 _aNursing student.
650 _aPerception.
650 _aSpiritual care.
650 _aSpirituality.
942 _cSE
999 _c121406
_d121406